Sis anys de Tribuna Barcelona : Recopilació d'actes i conferències del 1995 al 2000 Recopilació d'actes i conferències del 1995 al 2000
Descripción Física:
53 p. : fot. algunes col. ; 30 cm
MARC
| LEADER | 00000nam a2200000Ia 4500 | ||
|---|---|---|---|
| 001 | 16083 | ||
| 008 | 160829s9999 xx 000 0 cat d | ||
| 080 | |a M-5-6 | ||
| 110 | 2 | |a Tribuna Barcelona |9 54499 | |
| 245 | |a Sis anys de Tribuna Barcelona : |b Recopilació d'actes i conferències del 1995 al 2000 | ||
| 246 | 3 | 2 | |a 6 anys de Tribuna Barcelona |
| 260 | |a Barcelona : |b Tribuna Barcelona, [2001?] | ||
| 300 | |a 53 p. : |b fot. algunes col. ; |c 30 cm | ||
| 610 | 2 | 0 | |a Tribuna Barcelona |9 54499 |
| 650 | |a Associacions, institucions, etc. |x Barcelona |9 25511 | ||
| 901 | |a Arxiu | ||
| 942 | |n 1 |2 udc | ||
| 952 | |0 0 |1 0 |4 0 |6 M56 |7 1 |9 43653 |a Arxiu |b Arxiu |d 2016-12-01 |l 0 |o M-5-6 |p 16083 |r 2016-12-01 00:00:00 |w 2016-12-01 |y ARXIU | ||
| 999 | |c 46201 |d 46201 | ||